| 000 | 00000nas 2200000za 4500 |
| 001 | 9.501375 |
| 003 | CaOODSP |
| 005 | 20240212134141 |
| 007 | cr ||||||||||| |
| 008 | 150406d20002006xxc|| p o||||f| |0fre|d |
| 022 | |a1494-7161 |
| 040 | |aCaOODSP|bfre |
| 043 | |an-cn--- |
| 086 | 1 |aNE12-4F-PDF |
| 110 | 1 |aCanada. |bOffice national de l'énergie, |eauteur, |eorganisme de publication. |
| 245 | 10|aActivités de réglementation |h[ressource électronique] |
| 260 | |aCalgary - Alberta : |bOffice national de l'énergie |
| 310 | |aTrimestriel |
| 362 | 1 |aParaît depuis 06-2000, le 30 juin 2000; ne paraît plus après Octobre-novembre-décembre 2006. |
| 500 | |aMensuel jusqu'au mois de septembre 2006. Les ISSNs et n°s de catalogue des différentes éditions de langue et de format ont été imprimés dans ces publications. |
| 691 | 07|aÉnergie|2gcpds |
| 691 | 07|aInstitution fédérale|2gcpds |
| 691 | 07|aRèglements|2gcpds |
| 691 | 07|aPolitique énergétique|2gcpds |
| 775 | 08|tRegulatory agenda |w(CaOODSP)9.504976 |
| 776 | 0#|tActivités de réglementation |w(CaOODSP)9.512715 |